000 00511nam a2200157 i 4500
001 43312
003 ES-MaACL
005 20230906160754.0
007 t|
008 030317s1921 pn ||||1| spa d
245 0 0 _aCentenario de la independencia, 1821-1921
_b: Consejo Municipal de Panamá, 28 de noviembre de 1921.
260 _a[Panamá :
_bs.n.,
_c1921] (
_fTip. "Diario de Panamá")
300 _a18 p. :
_bil. ;
_c22 cm.
651 4 _aPanama-
_xHistoria-
_y1821-1903.
_9159112
852 _aES-MaACL
_j1715-F-6
999 _c43312
_d43312